|
|
|
|
| LEADER |
00964nam a2200217 a 4500 |
| 001 |
GR-MES638 |
| 008 |
991111s1988 fr b 001 0 fre d |
| 040 |
|
|
|a GrPaTEI
|b gre
|c GR-PaULI
|
| 082 |
|
0 |
|a 345.03
|2 21
|
| 100 |
1 |
|
|a Delmas-Marty, Mireille
|
| 245 |
1 |
0 |
|a Procedures penales d'Europe :
|b (Allemagne, Angleterre et pays de Galles, Belgique, France, Italie) /
|c Mirelle Delmas-Marty.
|
| 260 |
|
|
|a Paris :
|b Presses universitaires de France,
|c c1995
|
| 300 |
|
|
|a 638σ. ;
|c 22εκ.
|
| 490 |
0 |
|
|a Themis droit prive
|
| 504 |
|
|
|a Περιλαμβάνει γλωσσάρι και ευρετήριο.
|
| 650 |
|
0 |
|a Law
|x European Union countries
|
| 650 |
|
4 |
|a ΠΟΛΙΤΙΚΗ ΔΙΚΟΝΟΜΙΑ
|
| 942 |
|
|
|2 ddc
|
| 952 |
|
|
|0 0
|1 0
|2 ddc
|4 0
|6 345_030000000000000_DEL
|7 0
|9 264003
|a MSLG
|b MSLG
|c BSC
|d 2021-01-17
|e 24
|f 0
|g 0.00
|l 0
|o 345.03 DEL
|p 2420000008828
|r 2021-01-17 00:00:00
|t 1
|w 2021-01-17
|y BK15
|x 20080206 0 1
|x GrPaTEI
|
| 971 |
|
|
|a .b25716797
|b 15-04-20
|c 13-09-16
|
| 999 |
|
|
|c 151969
|d 151969
|